000 00308nam a2200133Ia 4500
005 20260328104322.0
008 260328s9999||||xx |||||||||||||| ||und||
100 _aBotta, Mario
245 0 _aMario Botta /
_cMario Botta
260 _bGustavo Gili
300 _a256 p.
650 _aMARIO BOTTA
942 _cBK
999 _c11373
_d11373